Riconosci la Squadra di calcio - Quiz n°15 - Statistics

Statistiche generali
  • Questo quiz è stato fatto 63 volte
  • Il punteggio medio è 8 su 13
Statistiche sulle risposte
Indizio Risposta % Corretto
Colori sociali Rosso, nero
96%
Divisione nazionale 2023-2024 Terza
88%
Titoli nazionali 1 campionato di Serie B
86%
Simboli Pantera
76%
Trofei nazionali 1 Coppe Italia Serie C/Lega Pro 1 Supercoppa di Lega di Seconda Divisione
63%
Fondazione 1905
55%
Confederazione UEFA
55%
Rifondazione 2008
53%
Rifondazione 2011
53%
Rifondazione 2019
53%
Trofei internazionali 0
47%
Capienza Stadio 12 800 posti
43%
Squadra Lucchese
27%
Nessun quiz corrispondente trovato
Distribuzione punteggi
Percentuale di utenti per punteggio
Percentile per numero di risposta
I tuoi punteggi nel tempo
Non hai fatto questo quiz